Budúcnosť znaleckej činnosti v podmienkach SR

Vývoj znaleckej činnosti. Legislatívne zmeny a zvyšovanie počtu znaleckých organizácií a ľudí pôsobiacich v oblasti ekonomického znalectva. Aká bude budúcnosť znaleckej činnosti.

Enregistré dans:
Détails bibliographiques
Auteur principal: Kardoš, Peter
Format: Chapitre de livre
Langue:slovaque
Sujets:
Tags: Ajouter un tag
Pas de tags, Soyez le premier à ajouter un tag!

MARC

LEADER 00000naa$a2200000$$$4500
001 0194812
005 20240502073250.9
041 0 |a slo 
044 |a SK 
245 1 0 |a Budúcnosť znaleckej činnosti v podmienkach SR  |c Peter Kardoš 
520 |a Vývoj znaleckej činnosti. Legislatívne zmeny a zvyšovanie počtu znaleckých organizácií a ľudí pôsobiacich v oblasti ekonomického znalectva. Aká bude budúcnosť znaleckej činnosti. 
610 2 0 |a znalectvo 
610 2 0 |a posudky znalecké 
610 2 0 |a znalci 
610 2 0 |a súdy 
610 2 0 |a legislatíva 
100 1 |a Kardoš, Peter